000 00519cam a22002051 4500
001 sa 65005254
003 DLC
005 20260227112136.0
008 860129s1964 io 000 0 ind
010 _asa 65005254
025 _aPL480:Indo-1393
035 _a(OCoLC)13079570
040 _aDLC
_cKyU
_dDLC
042 _apremarc
050 0 0 _aPL5089.S34
_bK5
100 0 _aSaruhum.
245 1 0 _aKisah sekuntum bunga dari Andalas.
260 _aSurabaja,
_bTharuddin Muluk
_c[cover 1964]
300 _a98 p.
_c22 cm.
999 _c64215
_d64215